000 01083nam a22002537a 4500
005 20110627112634.0
008 110627t xxu||||| |||| 00| 0 mar d
010 _aMAR-21021
020 _c240.00
035 _aMR-13679
037 _bDBAD/PUB
040 _aDPL
_bMR
082 _a303.4
100 _928800
245 _aसमाजशास्त्रीय सिद्धांत /
_cकमल मुळे द्वारा संपादित
246 _aSamajshastriya Siddhant
260 _aऔरंगाबाद
_bविचार प्रकाशन
_c2009
270 _aए 14,कासलीपुष्प,नागेश्वरवाडी,
_bऔरंगाबाद
_e431001
300 _aतेरा,260पृ
_b21सेमी(अजिल्द)
650 _928808
700 _aमुळे,कमल
_928813
942 _2ddc
_cMR
_h303.4
_mसमाज
999 _c53240
_d53240